000 00781 a2200193 4500
003 Nust
005 20230118140713.0
010 _a 79088719
020 _a0395284902
040 _cNust
082 0 0 _a658,KRE
100 1 _aKreitner, Robert.
_9107003
245 1 0 _aManagement, a problem-solving Process /
_cRobert Kreitner.
260 _aBoston :
_bHoughton Mifflin,
_cc1980.
300 _axix, 554 p. :
_bill. ;
_c24 cm.
505 _aPar t 1: The Problems Solving Management Process (Page-1), Part 2: Planning and Controlling (Page-79), Part 3: Organizing (Page-139), Part 4: Managing Operations and Making Decisions (Page-221), Part 5 : Managing People at Work (Page-283), Part 6: The Environment of Management (Page-443).
650 0 _aManagement.
942 _2ddc
_cBK
999 _c188958
_d188958